00499 2200205 4500001002100000005001500021035002000036008004100056245005600097100002000153250000600173260003100179300001100210084001400221082000800235650001400243990001200257990001200269990001200281INLIS00000000000028420240503073432 a0010-0424000260240503 0 ind 1 aPanduan Melukis Dengan Cat Minyak /cPhilip Berrill aBerrill, Philip a1 aJakarta :bAkademia,c2016 a68 hlm a700 PHI p a700 4aNon Fiksi a0728838 a0728839 a0728840